000 00304nam a22001337a 4500
008 170314b xxu||||| |||| 00| 0 eng d
020 _a9780073378275
041 _aeng
080 _213TH
_a611
100 _a7
101 _aSHM
245 _aHOLE'S HUMAN ANATOMY & PHYSIOLOGY
_cSHIER, D
942 _2udc
_cBK
999 _c7741
_d7741